Stolice Europy - nagła śmierć - Statystyki

Ogólne statystyki
  • Ten quiz został rozwiązany 41 622 razy
  • Średni wynik to 14 z 24
Answers on the Grid
Answers color-coded by a green-red scale on the quiz's grid according to % correct below.
Antwerpia
Ateny
Bazylea
Belgrad
Berno
Brno
Budapeszt
Dublin
Glasgow
Goteborg
Hamburg
Helsinki
Iraklion
Kiszyniów
Kolonia
Konstanca
Kopenhaga
Kraków
Londyn
Lublana
Luksemburg
Marsylia
Mediolan
Mińsk
Monachium
Petersburg
Podgorica
Porto
Reykjavík
Rotterdam
Sarajewo
Sofia
Split
Stambuł
Sztokholm
Tallinn
Tirana
Vaduz
Valletta
Wenecja
Wiedeń
Wilno
Wołgograd
Zagrzeb
Zurych
 
Statystyki odpowiedzi
Odpowiedź % Poprawnych
Ateny
94%
Budapeszt
78%
Dublin
76%
Belgrad
72%
Helsinki
66%
Kopenhaga
65%
Londyn
63%
Berno
62%
Luksemburg
59%
Mińsk
58%
Sofia
57%
Kiszyniów
55%
Reykjavík
55%
Lublana
53%
Podgorica
53%
Sarajewo
53%
Wiedeń
53%
Wilno
52%
Sztokholm
49%
Tallinn
49%
Zagrzeb
49%
Tirana
48%
Vaduz
44%
Valletta
43%
Nie znaleziono quizów pasujących do podanych kryteriów
Rozkład punktacji
Procent ludzi z każdym wynikiem
Percentyl według liczby udzielonych odpowiedzi
Twoja historia wyników
Nie rozwiązałeś tego quizu